Conceptos de física moderna
Salvato in:
| Autore principale: | |
|---|---|
| Natura: | Libro |
| Lingua: | spagnolo |
| Pubblicazione: |
Ciudad de México
McGraw-Hill
1973
|
| Soggetti: | |
| Tags: |
Aggiungi Tag
Nessun Tag, puoi essere il primo ad aggiungerne!!
|
MARC
| LEADER | 00000nam a2200000 a 4500 | ||
|---|---|---|---|
| 001 | UCU1756 | ||
| 003 | CL-VaPUC | ||
| 008 | 960412e19730000MX |||||||||||||||||spa|d | ||
| 082 | 0 | 4 | |a 539 |b BEI |2 21 |
| 100 | 0 | |a Beiser, Arthur |e author |9 357493 | |
| 245 | 1 | 0 | |a Conceptos de física moderna |
| 300 | |a 410 p | ||
| 942 | |c BK | ||
| 945 | |d 19960412 00:00:00 |a rleighto | ||
| 260 | |a Ciudad de México |b McGraw-Hill |c 1973 | ||
| 650 | 0 | |a Física |9 227844 | |
| 650 | 0 | |a Ondas |9 260165 | |
| 650 | 7 | |a TEORIA DEL ATOMO |2 CL-VaPUC |9 356225 | |
| 650 | 0 | |a Estructura atómica |9 259944 | |
| 650 | 0 | |a Mecánica cuántica |9 306806 | |
| 650 | 0 | |a Mecánica estadística |9 261055 | |
| 650 | 0 | |a Sólidos |9 260188 | |
| 650 | 7 | |a NUCLEO |2 CL-VaPUC |9 357494 | |
| 583 | |a last modification |c 19960412 00:00:00 |k Rodrigo Vera | ||
| 999 | |c 246270 |d 246268 | ||
| 952 | |0 0 |1 0 |4 0 |6 539_000000000000000_BEI_1973 |7 0 |8 A |9 261096 |a BIBCUR |b BIBCUR |d 2019-11-19 |i 3189120 |o 539 BEI 1973 |p 3189120 |r 2025-04-22 |w 2019-11-19 |y BK |k BCB | ||
| 952 | |0 0 |1 0 |4 0 |6 539_000000000000000_BEI_1973 |7 0 |8 A |9 261097 |a BIBMAT |b BIBMAT |d 2019-11-19 |i 1491016 |o 539 BEI 1973 |p 1491016 |r 2025-01-07 |w 2019-11-19 |y BK |k MAT | ||
| 952 | |0 0 |1 0 |4 0 |6 539_000000000000000_BEI_1973 |7 0 |8 A |9 261098 |a BIBMAT |b BIBMAT |d 2019-11-19 |i 1491156 |o 539 BEI 1973 |p 1491156 |r 2025-01-07 |w 2019-11-19 |y BK |k MAT | ||